Comportamiento de una arena bajo carga monotónica en ensayos de compresión triaxal en condición no drenada
Gespeichert in:
| 1. Verfasser: | |
|---|---|
| Weitere Verfasser: | |
| Format: | Buch |
| Veröffentlicht: |
San José, Costa Rica
2001
|
| Schlagworte: | |
| Tags: |
Tag hinzufügen
Keine Tags, Fügen Sie den ersten Tag hinzu!
|
MARC
| LEADER | 00000nam a2200000Ia 4500 | ||
|---|---|---|---|
| 003 | 008757 | ||
| 005 | 20240819155046.0 | ||
| 008 | 140114s2001 cr a m 000 ||s d | ||
| 040 | |c cru CEDI | ||
| 090 | |a TFG 4334 | ||
| 100 | |a Ortiz Mora, Jessica Eugenia, 1973- |9 3475 | ||
| 245 | |a Comportamiento de una arena bajo carga monotónica en ensayos de compresión triaxal en condición no drenada | ||
| 260 | |a San José, Costa Rica |c 2001 | ||
| 300 | |a 144 hojas : ilustraciones | ||
| 500 | |a Proyecto de graduación (licenciatura en ingeniería civil)--Universidad de Costa Rica. Facultad de Ingeniería. Escuela de Ingeniería Civil | ||
| 501 | |a Director del Proyecto de Graduación: Ing. William Vargas Monge | ||
| 650 | |x MECANICA DE SUELOS |x SUELOS ARENOSOS |x LICUEFACCION DE SUELOS |9 7750 | ||
| 700 | |a Vargas Monge, William, 1961- |d Director del TFG |9 546 | ||
| 942 | |c TFG |h TFG 4334 |i 008757 |2 ddc |6 TFG_4334_008757000000000 | ||
| 999 | |c 18104 |d 18104 | ||
